000 00850nam a22002177a 4500
003 OSt
005 20251212172635.0
008 241111b |||||||| |||| 00| 0 eng d
040 _c0
082 _aDPer 647.94068 In821 August-October 2019 v. 81-83
100 _aAdam, Issahaku.
_eauthor.
_963944
245 _aAccommodators or non-accommodators? a typology of hotel frontline employees' attitude towards guest with disabilities /
_cIssahaku Adam.
260 _aAmsterdam ;
_bElsevier,
_cSeptember 2019.
300 _aVolume 66, pages 22-31 :
_billustration ;
_c28 cm.
500 _aInternational Journal of Hospitality Management, vol. 81, pages 22-31, August 2019.
650 0 _aAccessible tourism.
_966588
650 0 _aAccommodation.
_966589
650 0 _aBehaviour.
_966590
700 _aAdam, Issahaku.
_eauthor.
_963944
942 _2ddc
_cPER
999 _c23158
_d23158